Co zamawiamy na wesele? - Statystyki

Ogólne statystyki
  • Ten quiz został rozwiązany 41 razy
  • Średni wynik to 4 z 8
Statystyki odpowiedzi
Hint Odpowiedź % Poprawnych
1. Jedzenie
85%
2. Zespół
67%
8. Salę
55%
4. Tort
52%
6. Fotografa
39%
3. Kwiaty
39%
5. Wódkę
39%
7. Kamerzystę
24%
Nie znaleziono quizów pasujących do podanych kryteriów
Rozkład punktacji
Procent ludzi z każdym wynikiem
Percentyl według liczby udzielonych odpowiedzi
Twoja historia wyników
Nie rozwiązałeś tego quizu